000 00387nam a22001577a 4500
003 MPLRDC
005 20220104151050.0
008 210129b ||||| |||| 00| 0 eng d
082 _a803.135 WYXX 1982
100 _a
245 _a常用日语正误辞典
_c
260 _a
_b外语学习社
_c1982
300 _b
650 _a日语--成语, 类语
942 _cBK
_o803.135 WYXX 1982
999 _c52179
_d52169